书目信息 |
| 题名: |
迷你小体操
|
|
| 作者: | 陈妮 著 | |
| 分册: | ||
| 出版信息: | 北京 化学工业出版社 2007.09 |
|
| 页数: | 126页 | |
| 开本: | 21cm | |
| 丛书名: | ||
| 单 册: | ||
| 中图分类: | R244.1-49 | |
| 科图分类: | ||
| 主题词: | 婴幼儿保健--ying you er bao jian--按摩疗法--儿童读物 | |
| 电子资源: | ||
| ISBN: | 978-7-122-01059-9 | |
| 000 | 00916nam0 2200241 450 | |
| 001 | 012008102140 | |
| 005 | 20080508181820.40 | |
| 010 | @a978-7-122-01059-9@dCNY18.00 | |
| 100 | @a20080508d2007 em y0chiy0120 ea | |
| 101 | 0 | @achi |
| 102 | @aCN@b110000 | |
| 105 | @aa z 000yy | |
| 106 | @ar | |
| 200 | 1 | @a迷你小体操@Ami ni xiao ti cao@e小朋友的保健按摩@f陈妮著@Fchen ni zhu |
| 210 | @a北京@c化学工业出版社@d2007.09 | |
| 215 | @a126页@c图@d21cm | |
| 330 | @a本书简洁明了,图文并茂,介绍了小儿推拿保健的一些常识,包括常用穴位、常见疾病的防治等。年轻的父母参照书中介绍的方法为孩子做推拿保健,不但可以达到保健强身的功效,更有助于亲子关系的促进。 | |
| 517 | 1 | @a小朋友的保健按摩@Axiao peng you de bao jian an mo |
| 606 | 0 | @a婴幼儿保健@Aying you er bao jian@x按摩疗法@j儿童读物 |
| 690 | @aR244.1-49@v4 | |
| 701 | 0 | @a陈妮@Achen ni@4著 |
| 801 | 0 | @aCN@bQSSK@c20080508 |
| 905 | @b707453-55@dR244.1-49@eC523@f3 | |
| 迷你小体操:小朋友的保健按摩/陈妮著.-北京:化学工业出版社,2007.09 |
| 126页:图;21cm |
| ISBN 978-7-122-01059-9:CNY18.00 |
| 本书简洁明了,图文并茂,介绍了小儿推拿保健的一些常识,包括常用穴位、常见疾病的防治等。年轻的父母参照书中介绍的方法为孩子做推拿保健,不但可以达到保健强身的功效,更有助于亲子关系的促进。 |
| ● |
| 相关链接 |
|
|
|
正题名:迷你小体操
索取号:R244.1-49/C523
 
预约/预借
| 序号 | 登录号 | 条形码 | 馆藏地/架位号 | 状态 | 备注 |
| 1 | 707453 | 207074538 | 自科二线504/504自科库 47排1列6层/ [索取号:R244.1-49/C523] | 在馆 | |
| 2 | 707454 | 207074547 | 自科二线504/504自科库 47排1列6层/ [索取号:R244.1-49/C523] | 在馆 | |
| 3 | 707455 | 207074556 | 自科二线504/504自科库 47排1列6层/ [索取号:R244.1-49/C523] | 在馆 |